Hệ thống các văn bản quy phạm pháp luật ngành giáo dục đào tạo Việt Nam
Gorde:
| Formatua: | Liburua |
|---|---|
| Hizkuntza: | Undetermined |
| Argitaratua: |
Hà Nội
CTQG
2001
|
| Gaiak: | |
| Etiketak: |
Etiketa erantsi
Etiketarik gabe, Izan zaitez lehena erregistro honi etiketa jartzen!
|
| Thư viện lưu trữ: | Trung tâm Học liệu Trường Đại học Cần Thơ |
|---|
| LEADER | 00505nam a2200145Ia 4500 | ||
|---|---|---|---|
| 001 | CTU_48203 | ||
| 008 | 210402s9999 xx 000 0 und d | ||
| 082 | |a 344.59707 | ||
| 082 | |b H250 | ||
| 245 | 0 | |a Hệ thống các văn bản quy phạm pháp luật ngành giáo dục đào tạo Việt Nam | |
| 260 | |a Hà Nội | ||
| 260 | |b CTQG | ||
| 260 | |c 2001 | ||
| 650 | |a education and state - vietnam,educational law and legislation | ||
| 980 | |a Trung tâm Học liệu Trường Đại học Cần Thơ | ||